| 000 | 00462nmm a2200169Ia 4500 | ||
|---|---|---|---|
| 008 | 251105s9999||||xx |||||||||||||||||und|| | ||
| 020 | _a9788498973600 | ||
| 041 | _aspa | ||
| 100 | _aVV. AA. | ||
| 245 | 0 | _aConstitución de Nicaragua de 1912 | |
| 264 |
_a[Madrid, España] : _bLinkgua, _c2019 |
||
| 300 | _a43 páginas | ||
| 490 | _aLeyes | ||
| 650 | _aPolitical Science (General) | ||
| 856 | _uhttps://public.digitaliapublishing.com/a/62452 | ||
| 942 | _cCF | ||
| 999 |
_c92388 _d92388 |
||